Educación matemática 7º básico

Saved in:
Bibliografiske detaljer
Main Authors: Frías Barea, Mónica (Author), Radbil Ortúzar, María Cristina (Author)
Format: Bog
Sprog:spansk
Udgivet: Santiago Zig-Zag 2000
Fag:
Tags: Tilføj Tag
Ingen Tags, Vær først til at tagge denne postø!

MARC

LEADER 00000nam a2200000 a 4500
001 UCN7818
003 CL-VaPUC
008 011026e20000000CL |||||||||||||||||spa|d
082 0 4 |a 372.7  |b FRI  |2 21 
100 0 |a Frías Barea, Mónica  |e author  |9 463945 
700 0 |a Radbil Ortúzar, María Cristina  |e author  |9 463946 
245 1 0 |a Educación matemática 7º básico 
300 |a 72 p 
942 |c BK 
945 |d 20011026 00:00:00  |a cmena 
260 |a Santiago  |b Zig-Zag  |c 2000 
500 |a Guía del maestro año 2001 
650 0 |a Matemática  |9 260235 
650 0 |a Educación básica   |9 224933 
650 0 |a Matemáticas  |x Enseñanza  |9 875527 
650 0 |a Métodos de enseñanza  |9 270413 
650 0 |a Libros de texto  |9 270019 
583 |a last modification  |c 20170816 12:58:33  |k Rodrigo Vera 
999 |c 298015  |d 298013 
952 |0 0  |1 0  |4 0  |6 372_700000000000000_FRI_2000  |7 0  |8 P  |9 353168  |a BIBEDU  |b BIBEDU  |c BIBEDU_PB  |d 2019-11-21  |i 3766659  |o 372.7 FRI 2000  |p 3766659  |r 2024-01-25  |w 2019-11-21  |y BK  |k BME